[Event "Wch U10 Girls"]
[Site "Batumi"]
[Date "2022.09.23"]
[Round "7"]
[White "Akuratiya, AG Hansadie Aradhya"]
[Black "Hanya, Shah"]
[Result "1/2-1/2"]
[WhiteElo "1090"]
[BlackElo "1336"]
[PlyCount "138"]
[EventDate "2022.09.16"]
[EventType "swiss"]
[EventRounds "11"]
[EventCountry "GEO"]
[SourceTitle "EXT 2023"]
[Source "ChessBase"]
[SourceDate "2022.10.05"]
[SourceVersion "1"]
[SourceVersionDate "2022.10.05"]
[SourceQuality "1"]

1. e4 d5 2. exd5 Nf6 3. Nc3 Nxd5 4. Nxd5 Qxd5 5. d4 Nc6 6. Be3 Bf5 7. a3 0-0-0 8. Nf3 e5 9. c4 Qe6 10. d5 Qe8 11. Be2 Bg6 12. 0-0 f5 13. Qe1 Nb8 14. Ng5 a6 15. Ne6 Rd7 16. Qa5 Bf7 17. c5 Bxe6 18. dxe6 Qxe6 19. Rad1 f4 20. h3 h5 21. Rxd7 Nxd7 22. Bd2 Bxc5 23. b4 Bb6 24. Qa4 g5 25. b5 Nc5 26. Qc2 axb5 27. Bxb5 g4 28. Bb4 Nd7 29. Rd1 Rd8 30. Rd6 Qg8 31. Bxd7+ Rxd7 32. Rxb6 gxh3 33. Rg6 Qd5 34. gxh3 c6 35. Qa4 Qd1+ 36. Qxd1 Rxd1+ 37. Kg2 e4 38. Ba5 f3+ 39. Kh2 Rc1 40. Rg5 e3 41. Rg1 Rc2 42. Kg3 Rxf2 43. Rd1 b5 44. Bb6 Rd2 45. Rc1 e2 46. Kxf3 Rd1 47. Rxc6+ Kb7 48. Kxe2 Kxc6 49. Kxd1 Kxb6 50. Kc2 Ka5 51. h4 Ka4 52. Kb2 b4 53. axb4 Kxb4 54. Kc2 Kc4 55. Kd2 Kd4 56. Ke2 Ke4 57. Kf2 Kf4 58. Kg2 Kg4 59. Kh2 Kxh4 60. Kg2 Kg4 61. Kh2 h4 62. Kg2 h3+ 63. Kh2 Kh4 64. Kh1 Kg3 65. Kg1 Kg4 66. Kh2 Kh4 67. Kh1 Kg3 68. Kg1 h2+ 69. Kh1 Kh3 1/2-1/2

[Event "Wch U10 Girls"]
[Site "Batumi"]
[Date "2022.09.21"]
[Round "6"]
[White "Qian, Ashley"]
[Black "Akuratiya, AG Hansadie Aradhya"]
[Result "0-1"]
[WhiteElo "1350"]
[BlackElo "1090"]
[PlyCount "49"]
[EventDate "2022.09.16"]
[EventType "swiss"]
[EventRounds "11"]
[EventCountry "GEO"]
[SourceTitle "EXT 2023"]
[Source "ChessBase"]
[SourceDate "2022.10.05"]
[SourceVersion "1"]
[SourceVersionDate "2022.10.05"]
[SourceQuality "1"]

1. e4 c5 2. Nf3 d6 3. d4 cxd4 4. Nxd4 Nf6 5. Nc3 a6 6. Be3 e6 7. f3 Be7 8. Qd2 Qc7 9. 0-0-0 Nbd7 10. g4 b5 11. Nce2 Bb7 12. Bg2 Ne5 13. Bf2 Nc4 14. Qe1 Rc8 15. Kb1 Nd7 16. c3 Nc5 17. Nc1 Na4 18. Nd3 Qa5 19. Ka1 Bf6 20. Rc1 Bxd4 21. cxd4 0-0 22. b3 Nd2 23. bxa4 bxa4 24. Be3 Rxc1+ 25. Qxc1 0-1